[Event "World Blitz 2023"]
[Site "Samarkand UZB"]
[Date "2023.12.30"]
[Round "14.49"]
[White "Demchenko, Anton"]
[Black "Leiva, Gianmarco"]
[Result "1-0"]
[WhiteElo "2545"]
[BlackElo "2338"]
[EventDate "2023.12.29"]

1. e4 c6 2. d4 d5 3. e5 Bf5 4. Bd3 Bxd3 5. Qxd3 e6 6. c3 c5 7. Ne2 Nc6 8.
O-O Qb6 9. a3 a5 10. Nd2 Nh6 11. Nf3 Nf5 12. g4 Nfe7 13. Ng3 a4 14. Nh5 Ng6
15. Rb1 cxd4 16. cxd4 Qa6 17. Qd1 Na5 18. Qxa4+ b5 19. Qd1 Nc4 20. Bd2 Ne7
21. Bb4 Nc6 22. Bxf8 Kxf8 23. Qc1 h6 24. Qf4 Qa7 25. Rfc1 Rc8 26. Kg2 Qe7
27. Rc3 g6 28. Nf6 Kg7 29. Rbc1 N4a5 30. h4 Na7 31. Rxc8 Rxc8 32. Rxc8 Nxc8
33. h5 Nc4 34. g5 Qf8 35. gxh6+ Kh8 36. Ng5 Ne7 37. Nd7 1-0

[Event "World Blitz 2023"]
[Site "Samarkand UZB"]
[Date "2023.12.30"]
[Round "14.50"]
[White "Zeng, Chongsheng"]
[Black "Sattarov, Bobir"]
[Result "1-0"]
[WhiteElo "2504"]
[BlackElo "2351"]
[EventDate "2023.12.29"]

1. c4 g6 2. Nc3 Bg7 3. Nf3 d6 4. g3 Nc6 5. Bg2 e5 6. O-O Nge7 7. Rb1 Be6 8.
d3 h6 9. b4 Qd7 10. b5 Nd8 11. a4 O-O 12. Ba3 f5 13. Qc2 f4 14. Rfc1 Bh3
15. Ne4 Bxg2 16. Kxg2 b6 17. Bb2 Ne6 18. Nc3 fxg3 19. hxg3 Rf7 20. Ne4 Raf8
21. Rh1 Nf5 22. Kf1 Qc8 23. Ke1 a6 24. Bc3 axb5 25. axb5 Qb7 26. Kd2 Nc5
27. Ne1 Ne7 28. f3 Ra8 29. g4 Ra3 30. Bb4 Nxe4+ 31. dxe4 Ra7 32. Nd3 Rf8
33. Ra1 Rfa8 34. Rxa7 Rxa7 35. Bc3 Qa8 36. Nb4 Ra3 37. Bb2 Ra4 38. Qb3 Kh7
39. Kc2 Ng8 40. Nd5 Ra7 41. Kb1 Qd8 42. Bc1 Qa8 43. Bb2 Qd8 44. Kc2 Nf6 45.
Nb4 Qa8 46. g5 Nd7 47. gxh6 Bf6 48. Nd5 Bg5 49. e3 Nc5 50. Qc3 Ra2 51. Rb1
Qa4+ 52. Kd2 Nb3+ 53. Ke2 Nc5 54. Kf1 Bxh6 55. Kg2 Qa8 56. Kg3 Na4 57. Qb3
Nc5 58. Qc3 Kg8 59. Rh1 Bg7 60. Nb4 Ra7 61. Qd2 Ra4 62. Bc3 Ra3 63. Nd5 Qa4
64. Qh2 Qxc4 65. Qh4 Ra8 66. Qe7 Rf8 67. Qh4 Qe2 68. Qg4 Qd3 69. Qxg6 Qc4
70. Ne7# 1-0

[Event "World Blitz 2023"]
[Site "Samarkand UZB"]
[Date "2023.12.30"]
[Round "14.51"]
[White "Aditya, Mittal"]
[Black "Amilal, Munkhdalai"]
[Result "1-0"]
[WhiteElo "2425"]
[BlackElo "2293"]
[EventDate "2023.12.29"]

1. d4 Nf6 2. c4 e6 3. Nc3 Bb4 4. f3 c5 5. d5 b5 6. e4 O-O 7. e5 Ne8 8. f4
bxc4 9. Bxc4 Ba6 10. Bxa6 Nxa6 11. Nf3 exd5 12. Qxd5 Nac7 13. Qd3 d5 14.
O-O f6 15. a3 Ba5 16. Na4 Bb6 17. Qc2 Ne6 18. f5 Nd4 19. Nxd4 cxd4 20. Nxb6
Qxb6 21. e6 Nd6 22. Qd3 Rac8 23. Bf4 Ne4 24. Rad1 Qxb2 25. Rb1 Qc3 26. Qb5
Qc4 27. Qd7 d3 28. h3 d2 29. Kh2 Qc6 30. Qxa7 Ra8 31. Qe7 Rae8 32. Qb4 Ra8
33. Bxd2 Nxd2 34. Qxd2 Rxa3 35. Qf4 Raa8 36. Rbc1 Qa4 37. Qg3 Ra7 38. Rf4
Qa3 39. Qxa3 Rxa3 40. Rc7 Re8 41. Rg4 g5 42. fxg6 h5 43. Rb4 Raa8 44. Rbb7
Rxe6 45. Rg7+ Kh8 46. Rh7+ Kg8 47. Rbg7+ Kf8 48. Rd7 Kg8 49. Rxh5 Re2 50.
g7 1-0

[Event "World Blitz 2023"]
[Site "Samarkand UZB"]
[Date "2023.12.30"]
[Round "14.52"]
[White "Gorovets, Andrey"]
[Black "Drazic, Sinisa"]
[Result "1-0"]
[WhiteElo "2418"]
[BlackElo "2276"]
[EventDate "2023.12.29"]

1. d4 d5 2. c4 dxc4 3. Nf3 Nf6 4. e3 Be6 5. Na3 Bd5 6. Nxc4 e6 7. Be2 c5 8.
O-O Nc6 9. a3 a5 10. Nce5 Nd7 11. Nxf7 Kxf7 12. e4 Bxe4 13. Ng5+ Kg8 14.
Nxe4 Nxd4 15. Bc4 Ne5 16. Ba2 Be7 17. f4 Nf7 18. Be3 Ra6 19. Rc1 Qb6 20.
Bxd4 cxd4 21. Rc8+ Nd8 22. f5 Qxb2 23. Rf2 Qxa3 24. fxe6 h6 25. Rxd8+ Bxd8
26. e7+ Kh7 27. Bb1 Qxe7 28. Nf6# 1-0

[Event "World Blitz 2023"]
[Site "Samarkand UZB"]
[Date "2023.12.30"]
[Round "14.53"]
[White "Abdisalimov, Abdimalik"]
[Black "Kakabayev, Mergen"]
[Result "1-0"]
[WhiteElo "2417"]
[BlackElo "2255"]
[EventDate "2023.12.29"]

1. c4 c6 2. Nf3 d5 3. e3 Nf6 4. d4 e6 5. b3 Nbd7 6. Bb2 Bd6 7. Nbd2 O-O 8.
Qc2 Re8 9. Be2 e5 10. dxe5 Nxe5 11. Rd1 Bg4 12. O-O Qe7 13. h3 Bh5 14. Rfe1
Bg6 15. Qc1 Nd3 16. Bxd3 Bxd3 17. cxd5 cxd5 18. Qa1 Rac8 19. Nf1 Be4 20.
Bxf6 Qxf6 21. Qxf6 gxf6 22. Nd4 a6 23. Re2 Rc7 24. f3 Bg6 25. Kf2 Rec8 26.
Ng3 Bf8 27. h4 h6 28. h5 Bh7 29. Ngf5 b5 30. g4 b4 31. Red2 a5 32. Ne2 Bxf5
33. gxf5 Rc2 34. Nf4 d4 35. exd4 Bd6 36. Nd5 Kg7 37. Nb6 Bf4 38. Nxc8 Bxd2
39. Nb6 Bf4+ 40. Kf1 Rxa2 41. d5 Kf8 42. d6 Ke8 43. d7+ Kd8 44. Nd5 Be5 45.
f4 Ra1 46. Ke2 Rxd1 47. Kxd1 Bd4 48. Ke2 Kxd7 49. Kd3 Ba1 50. Kc4 Kd6 51.
Ne3 Kc6 52. Ng4 Kd6 53. Nxh6 Ke7 54. Ng4 Bb2 55. Kb5 Bc1 56. Kxa5 Bd2 57.
Kb5 Bc3 58. Kc5 Bd2 59. h6 Kf8 60. Kc4 Bc3 61. Ne3 Bd2 62. Nd5 Kg8 63.
Nxf6+ Kh8 64. Ne4 Bxf4 65. Kxb4 Bxh6 66. Kc4 Kg7 67. b4 Bf4 68. b5 Kh6 69.
Kd5 Kh5 70. Nd6 f6 71. b6 Be3 72. b7 Ba7 73. Ke6 Bb8 74. Ne4 Kh6 75. Nxf6
Kg7 76. Nd7 1-0

[Event "World Blitz 2023"]
[Site "Samarkand UZB"]
[Date "2023.12.30"]
[Round "14.54"]
[White "Garayev, Kanan"]
[Black "Ansat, Aldiyar"]
[Result "1-0"]
[WhiteElo "2260"]
[BlackElo "2404"]
[EventDate "2023.12.29"]

1. Nf3 Nf6 2. g3 g6 3. b3 Bg7 4. Bb2 O-O 5. Bg2 d6 6. d4 e5 7. dxe5 Ng4 8.
c4 Nc6 9. O-O Ngxe5 10. Nxe5 Nxe5 11. Nc3 Re8 12. Qd2 a5 13. Rad1 h5 14. e4
h4 15. f4 h3 16. Bh1 Ng4 17. e5 c6 18. Qxd6 Qxd6 19. Rxd6 Bf8 20. c5 Bf5
21. Be4 Bxd6 22. cxd6 Bxe4 23. Nxe4 a4 24. b4 a3 25. Bd4 Kf8 26. Bb6 Ra6
27. Nc5 Rxb6 28. Nd7+ Kg7 29. Nxb6 Rd8 30. Rd1 Ne3 31. Rd3 Nc2 32. g4 f6
33. e6 Nxb4 34. e7 Rh8 35. d7 Nxd3 36. e8=Q Rh4 37. Qe7+ Kh6 38. g5+ Kh5
39. Qh7+ Kg4 40. Qxh4+ Kxh4 41. d8=Q Nxf4 42. gxf6 Ne6 43. Qe7 1-0

[Event "World Blitz 2023"]
[Site "Samarkand UZB"]
[Date "2023.12.30"]
[Round "14.55"]
[White "Pingin, Artem"]
[Black "Botiraliev, Abdumajid"]
[Result "1-0"]
[WhiteElo "2358"]
[BlackElo "1515"]
[EventDate "2023.12.29"]

1. e4 e5 2. Nf3 Nc6 3. Bb5 a6 4. Ba4 Nf6 5. O-O Be7 6. Re1 b5 7. Bb3 d6 8.
c3 O-O 9. h3 Bb7 10. d4 Re8 11. Nbd2 Bf8 12. Bc2 g6 13. a4 Bg7 14. d5 Nb8
15. Bd3 Nbd7 16. axb5 Nc5 17. Bf1 axb5 18. Rxa8 Qxa8 19. Bxb5 Rb8 20. Bc4
c6 21. dxc6 Bxc6 22. Ng5 Be8 23. b4 Na4 24. Qb3 Rb7 25. Nf1 h6 26. Nf3 Nc5
27. Qc2 Ba4 28. Qb1 Bc6 29. Ng3 Ne6 30. Qb3 Ba4 31. Qa2 Ra7 32. Bxe6 fxe6
33. Qxe6+ Kh7 34. Qxd6 Rd7 35. Qe6 Rc7 36. Nxe5 Be8 37. c4 Ra7 38. Be3 Ra6
39. Qe7 Qc8 40. Qc5 Qb8 41. b5 Re6 42. Nc6 Qc7 43. e5 Nd7 44. Qa7 Rxc6 45.
bxc6 Qxc6 46. Bd4 Qxc4 47. Qa1 Qe6 48. h4 h5 49. Ne4 Bh6 50. Nf6+ Kg7 51.
Nxe8+ Qxe8 52. e6+ Kh7 53. exd7 Qxd7 54. Qa7 1-0

[Event "World Blitz 2023"]
[Site "Samarkand UZB"]
[Date "2023.12.30"]
[Round "14.56"]
[White "Chinguun, Sumiya"]
[Black "Asadli, Vugar"]
[Result "0-1"]
[WhiteElo "2200"]
[BlackElo "2584"]
[EventDate "2023.12.29"]

1. e4 c5 2. Nc3 Nc6 3. Bb5 Nd4 4. Nf3 e6 5. O-O a6 6. Bd3 Nc6 7. Re1 g5 8.
g3 Bg7 9. Bf1 g4 10. Nh4 h5 11. Nd5 d6 12. Ne3 Nge7 13. c3 Bf6 14. Neg2 b6
15. d3 Bb7 16. Be3 d5 17. Bf4 dxe4 18. dxe4 Qxd1 19. Raxd1 Rd8 20. Ne3 b5
21. Nd5 exd5 22. exd5 Bxh4 23. gxh4 O-O 24. dxc6 Rxd1 25. Rxd1 Bxc6 26. Rd6
Bf3 27. Bd3 c4 28. Bc2 Re8 29. Bd1 Ng6 30. Be3 Bxd1 31. Rxd1 Nxh4 32. Rd6
f5 33. Rf6 Rd8 34. Bd4 Re8 35. Kf1 Nf3 36. Be3 Rd8 37. Bd4 Nxd4 38. cxd4
Rxd4 39. Rxf5 Rd2 40. Rxh5 Rxb2 41. Rg5+ Kf7 42. a4 c3 43. axb5 c2 44. Rc5
Rb1+ 45. Kg2 c1=Q 46. Rxc1 Rxc1 47. bxa6 Kf6 48. Kg3 Kf5 49. f3 Rc3 50. a7
Rxf3+ 51. Kg2 Ra3 0-1

[Event "World Blitz 2023"]
[Site "Samarkand UZB"]
[Date "2023.12.30"]
[Round "14.57"]
[White "Holt, Conrad"]
[Black "Zilka, Stepan"]
[Result "1-0"]
[WhiteElo "2592"]
[BlackElo "2494"]
[EventDate "2023.12.29"]

1. d4 Nf6 2. c4 e6 3. Nc3 Bb4 4. Qc2 d5 5. cxd5 Qxd5 6. Nf3 Qf5 7. Qxf5
exf5 8. Bd2 a6 9. e3 O-O 10. Bd3 Nc6 11. Rc1 Be6 12. Ng5 Bd7 13. O-O h6 14.
Nf3 Rfe8 15. Rfd1 Bd6 16. g3 Ne4 17. Be1 Rac8 18. Nd2 Nxd2 19. Bxd2 g6 20.
f3 h5 21. Kf2 Kg7 22. Ne2 h4 23. Bc3 hxg3+ 24. hxg3 f6 25. a3 Rh8 26. Rh1
Ne7 27. e4 Bb5 28. Bxb5 axb5 29. e5 fxe5 30. dxe5 Bc5+ 31. Bd4 Rxh1 32.
Rxh1 Bb6 33. Bxb6 cxb6 34. Rc1 Rc5 35. f4 Nc6 36. Ke3 b4 37. axb4 Nxb4 38.
Kd4 Nc6+ 39. Kd3 Rd5+ 40. Ke3 Rb5 41. Rc2 Rb3+ 42. Kd2 Kf7 43. Kc1 Re3 44.
Rd2 Ke7 45. Kd1 b5 46. Ke1 g5 47. Kf2 Rb3 48. Nc1 Rb4 49. Ne2 gxf4 50. gxf4
Rc4 51. Kg3 b4 52. Kf3 b3 53. Ng3 Nd4+ 54. Rxd4 1-0

[Event "World Blitz 2023"]
[Site "Samarkand UZB"]
[Date "2023.12.30"]
[Round "14.59"]
[White "Henriquez Villagra, Cristobal"]
[Black "Kazhgaleyev, Murtas"]
[Result "1-0"]
[WhiteElo "2568"]
[BlackElo "2488"]
[EventDate "2023.12.29"]

1. Nf3 Nf6 2. d4 e6 3. Bf4 c5 4. e3 d5 5. Be2 Nc6 6. O-O Nh5 7. Bg5 Qb6 8.
Nc3 h6 9. Bh4 cxd4 10. Nxd4 Nxd4 11. exd4 Nf6 12. Bxf6 gxf6 13. Bb5+ Kd8
14. a4 a6 15. a5 Qc7 16. Be2 Bd6 17. g3 Bd7 18. Bh5 Bc6 19. Na4 Ke7 20. Nb6
Rag8 21. Re1 Rg5 22. Re3 f5 23. Qf3 f4 24. Rc3 Kf8 25. g4 Rhg8 26. Kf1 Rxh5
27. gxh5 Bb5+ 28. Ke1 Bb4 29. Kd2 Bxc3+ 30. bxc3 Rg5 31. h4 Rg8 32. Re1 Qd6
33. Re5 f6 34. Qxf4 Kf7 35. Re4 Qxf4+ 36. Rxf4 Rg1 37. c4 dxc4 38. Kc3 Rc1
39. Kb2 Rh1 40. c3 Re1 41. Kc2 Re2+ 42. Kb1 f5 43. Kc1 Kf6 44. Rf3 Ra2 45.
Rg3 Rxf2 46. Rg6+ Kf7 47. d5 exd5 48. Nxd5 Bc6 49. Ne3 f4 50. Nxc4 Re2 51.
Nd6+ Kf8 52. Nf5 f3 53. Rf6+ Ke8 54. Nd4 Rf2 55. Kd1 Bd5 56. Ke1 Rh2 57.
Rf4 Ke7 58. Nxf3 Ra2 59. Nd4 Rxa5 60. Nf5+ Ke6 61. Nxh6 Ra2 62. Ng4 Ke7 63.
h6 Bg8 64. Nf6 Rg2 65. h7 Bxh7 66. Nxh7 a5 67. Ng5 b5 68. Kd1 a4 69. Kc1 a3
70. Kb1 Rb2+ 71. Ka1 Rc2 72. Rf3 Kd6 73. Kb1 Rb2+ 74. Ka1 Kd5 75. h5 Rd2
76. h6 Kc4 77. h7 Kb3 78. c4+ Kb4 79. h8=Q Rd1+ 80. Ka2 Rd2+ 81. Kb1 1-0

[Event "World Blitz 2023"]
[Site "Samarkand UZB"]
[Date "2023.12.30"]
[Round "14.60"]
[White "Agmanov, Zhandos"]
[Black "Ponkratov, Pavel"]
[Result "0-1"]
[WhiteElo "2407"]
[BlackElo "2547"]
[EventDate "2023.12.29"]

1. e4 c5 2. Nf3 e6 3. d4 cxd4 4. Nxd4 Nc6 5. Nc3 Qc7 6. Be3 a6 7. Qf3 h5 8.
h4 Nf6 9. O-O-O Ng4 10. Nxc6 bxc6 11. Bc4 a5 12. Bb3 Bb4 13. Na4 O-O 14.
Bb6 Qb8 15. Qd3 d5 16. f3 Ba6 17. Qd4 e5 18. Qg1 Nf6 19. a3 Bb5 20. axb4
axb4 21. Bc5 Bxa4 22. Bxa4 Rxa4 23. Bxf8 Qxf8 24. Qb6 Qa8 25. b3 Ra2 26.
Qxb4 dxe4 27. fxe4 c5 28. Qc4 Nxe4 29. Qxe4 0-1

[Event "World Blitz 2023"]
[Site "Samarkand UZB"]
[Date "2023.12.30"]
[Round "14.61"]
[White "Markov, Mikhail"]
[Black "Van Foreest, Lucas"]
[Result "1-0"]
[WhiteElo "2255"]
[BlackElo "2519"]
[EventDate "2023.12.29"]

1. c4 e6 2. Nf3 d5 3. g3 Nf6 4. Bg2 Be7 5. O-O O-O 6. d4 dxc4 7. Nbd2 c5 8.
dxc5 Bxc5 9. Nxc4 Nc6 10. a3 Be7 11. b4 Bd7 12. Qb3 Rc8 13. Rd1 Qc7 14. Bf4
Qd8 15. Nd6 Rb8 16. Nc4 Rc8 17. Nfe5 b5 18. Nxc6 bxc4 19. Qxc4 Qe8 20. b5
Nd5 21. Nxe7+ Qxe7 22. Qd3 Rfd8 23. Bd2 Nc7 24. Bb4 Qe8 25. Qe3 Bxb5 26.
Rxd8 Qxd8 27. Qxa7 Bxe2 28. Ba5 Qf6 29. Rc1 Qb2 30. Qc5 h6 31. Bxc7 Ra8 32.
Be5 Qxa3 33. Bxa8 1-0

[Event "World Blitz 2023"]
[Site "Samarkand UZB"]
[Date "2023.12.30"]
[Round "14.62"]
[White "Wanyama, Harold"]
[Black "Savchenko, Boris"]
[Result "0-1"]
[WhiteElo "2228"]
[BlackElo "2513"]
[EventDate "2023.12.29"]

1. d4 Nf6 2. c4 e6 3. g3 d5 4. Bg2 dxc4 5. Nf3 Nc6 6. Qa4 Bd7 7. Qxc4 Bd6
8. O-O O-O 9. Nc3 a6 10. e4 e5 11. dxe5 Nxe5 12. Nxe5 Bxe5 13. f4 Be6 14.
Qe2 Bd4+ 15. Kh1 b5 16. Qe1 Bc4 17. Rf3 Re8 18. e5 Nd5 19. Nxd5 Bxd5 20.
Rd3 Bxg2+ 21. Kxg2 Qd5+ 22. Kh3 Re6 23. g4 Rh6+ 24. Kg3 Bf2+ 25. Qxf2 Qxd3+
26. Kg2 Qe4+ 27. Kg1 Rc6 28. Bd2 Rc2 29. Qe3 Qd5 30. Rd1 Rd8 0-1

[Event "World Blitz 2023"]
[Site "Samarkand UZB"]
[Date "2023.12.30"]
[Round "14.63"]
[White "Bryakin, Mikhail"]
[Black "Suleymenov, Alisher"]
[Result "0-1"]
[WhiteElo "2495"]
[BlackElo "2326"]
[EventDate "2023.12.29"]

1. d4 Nf6 2. Nc3 d5 3. Bf4 Bf5 4. e3 e6 5. Nf3 Bb4 6. Bd3 Ne4 7. O-O Bxc3
8. bxc3 Nd6 9. Bxd6 Qxd6 10. c4 dxc4 11. Bxc4 Nd7 12. Re1 Nf6 13. Ne5 O-O
14. f3 Nd7 15. Nxd7 Qxd7 16. e4 Bg6 17. c3 c5 18. dxc5 Qc7 19. Qd6 Rac8 20.
Qxc7 Rxc7 21. Red1 Rxc5 22. Bb3 Rc7 23. Rd3 Rfc8 24. Rad1 Kf8 25. Kf2 Ke7
26. h4 f6 27. Rd6 Bf7 28. f4 h5 29. e5 b6 30. R1d4 Rb7 31. Rd3 fxe5 32.
fxe5 Rc5 33. Rd8 Rxe5 34. Ra8 Rc5 35. Rg3 Kf6 36. Rf3+ Rf5 37. Ke3 Rc7 38.
Kd4 e5+ 39. Kd3 Rxf3+ 40. gxf3 Bg6+ 41. Kd2 Rd7+ 42. Ke2 Bd3+ 43. Ke3 Bb5
44. Bc2 Bc6 45. Rf8+ Rf7 46. Rh8 Ke7 47. Bd1 Rf5 48. Be2 g6 49. Rh7+ Kd6
50. Rxa7 Rf4 51. Rg7 Be8 52. Rb7 b5 53. Bd3 Rxh4 54. Rb8 Ke7 55. Rb7+ Kf6
56. Rb8 Bf7 57. Rb6+ Kg7 58. Bxb5 Rh2 59. a4 h4 60. Rb7 Kf6 61. Rb8 h3 62.
Rh8 Kg7 63. Rh4 g5 64. Rg4 Kf6 65. Bd7 Rh1 66. Kf2 Rd1 67. Kg3 Rxd7 68. Rb4
Be6 69. a5 Ra7 70. Rb5 Ra6 71. Rc5 Kf5 72. Rb5 Kf6 73. Rc5 Ra8 74. Kh2 Rd8
75. a6 Rd2+ 76. Kh1 Ra2 77. Rc6 Kf5 78. c4 Kf4 79. Rxe6 Kg3 0-1

[Event "World Blitz 2023"]
[Site "Samarkand UZB"]
[Date "2023.12.30"]
[Round "14.64"]
[White "Pranav, V"]
[Black "Shogdzhiev, Roman"]
[Result "0-1"]
[WhiteElo "2562"]
[BlackElo "2117"]
[EventDate "2023.12.29"]

1. Nf3 d5 2. g3 Nf6 3. Bg2 c6 4. O-O g6 5. d3 Bg7 6. Nbd2 O-O 7. e4 dxe4 8.
dxe4 Qc7 9. Qe2 e5 10. Nc4 Bg4 11. h3 Bxf3 12. Bxf3 Nbd7 13. Rd1 Nc5 14. b3
Ne6 15. c3 Rfd8 16. Be3 Bf8 17. b4 h5 18. h4 Kh7 19. Rxd8 Nxd8 20. Bg5 Kg7
21. Rd1 Ne6 22. Be3 Kh7 23. Kg2 Bh6 24. Bxh6 Kxh6 25. a4 Kg7 26. Qe3 b6 27.
Be2 Rd8 28. Ra1 Kh7 29. Rf1 Kg7 30. f4 exf4 31. gxf4 Qe7 32. Ne5 Rc8 33. f5
Nf8 34. Qf4 Re8 35. Nxc6 Qxe4+ 36. Qxe4 Nxe4 37. fxg6 fxg6 38. Bc4 Nd6 39.
Bd5 Re2+ 40. Kg1 Rd2 41. c4 Nd7 42. Nd8 Kh6 43. Ne6 Re2 44. Ng5 Nf5 45. Nf3
Ne3 46. Rc1 Nxd5 47. cxd5 Nf6 48. Rc7 Nxd5 49. Rxa7 Re4 50. b5 Nc3 51. a5
Nxb5 52. Rb7 Nd6 53. Rxb6 Nf5 54. a6 Nxh4 55. Nd2 Ra4 56. Nb3 Nf3+ 57. Kf2
Ne5 58. Nc5 Ra5 59. Ne6 Nc4 60. Rc6 Ne5 61. Rd6 Ra2+ 62. Ke1 Nc4 63. Rd8
Kh7 64. Rd7+ Kh6 65. a7 g5 66. Nd4 Ne5 67. Rd6+ Kg7 68. Nb5 Nf7 69. Rb6 h4
70. Rb8 h3 71. Nd4 Rxa7 72. Nf5+ Kg6 73. Ng3 Ra1+ 74. Kf2 Ra2+ 75. Kf1 Ne5
76. Rb6+ Kh7 77. Nf5 Ng4 78. Ng3 Rf2+ 79. Ke1 Rg2 80. Rb3 h2 81. Nh1 Rg1+
0-1

[Event "World Blitz 2023"]
[Site "Samarkand UZB"]
[Date "2023.12.30"]
[Round "14.65"]
[White "Xiu, Deshun"]
[Black "Mustafaev, Jamshid"]
[Result "1/2-1/2"]
[WhiteElo "2493"]
[BlackElo "2323"]
[EventDate "2023.12.29"]

1. c4 Nf6 2. Nc3 g6 3. e4 d6 4. d4 Bg7 5. Be2 O-O 6. Bg5 h6 7. Be3 e5 8. d5
Ne8 9. Qd2 Kh7 10. g4 f5 11. gxf5 gxf5 12. exf5 Bxf5 13. Nf3 Nd7 14. O-O-O
Qe7 15. Rhg1 Nc5 16. Bxc5 dxc5 17. Qe3 e4 18. Nd2 Bd4 19. Qg3 Nd6 20. Bg4
Bxg4 21. Qxg4 Rg8 22. Qe2 e3 23. Nf3 Rxg1 24. Rxg1 Bxc3 25. bxc3 Re8 26.
Ng5+ Kh8 27. Qh5 Qf6 28. Ne6 exf2 29. Rd1 Qxc3+ 30. Kb1 Qb4+ 31. Ka1 Qc3+
32. Kb1 Qb4+ 33. Ka1 Qc3+ 34. Kb1 1/2-1/2

[Event "World Blitz 2023"]
[Site "Samarkand UZB"]
[Date "2023.12.30"]
[Round "14.66"]
[White "Xu, Xiangyu"]
[Black "O`gorman, Tom"]
[Result "0-1"]
[WhiteElo "2491"]
[BlackElo "2288"]
[EventDate "2023.12.29"]

1. d4 d5 2. Bf4 Nf6 3. e3 c5 4. dxc5 Nc6 5. Bb5 e6 6. b4 a5 7. c3 Bd7 8.
Nd2 axb4 9. Bxc6 Bxc6 10. cxb4 b6 11. cxb6 Qxb6 12. a3 Bb5 13. Ne2 Qa6 14.
Be5 Ng4 15. Bb2 Bd6 16. Nf3 O-O 17. h3 Nf6 18. Nc3 Bc4 19. Nd2 Bd3 20. Nb3
e5 21. Na4 Bc4 22. Nac5 Qb5 23. Bc3 d4 24. exd4 Rfe8 25. Kd2 exd4 26. Nxd4
Qb6 27. Qf3 Be5 28. Kc2 Rad8 29. Rad1 Qa7 30. Kb2 Ra8 31. Nc2 Bxc3+ 32.
Qxc3 Bd5 33. f3 Rac8 34. Rhe1 Ba8 35. Rxe8+ Rxe8 36. Rd2 Nd5 37. Qd4 Qe7
38. Ne4 Qe6 39. Qc5 Nb6 40. Kb1 Qb3+ 41. Kc1 Nc4 42. Qd4 Bxe4 43. Qxe4 Qb2+
44. Kd1 Qb1+ 0-1

[Event "World Blitz 2023"]
[Site "Samarkand UZB"]
[Date "2023.12.30"]
[Round "14.67"]
[White "Gallego Alcaraz, Andres Felipe"]
[Black "Tissir, Mohamed"]
[Result "1-0"]
[WhiteElo "2384"]
[BlackElo "2458"]
[EventDate "2023.12.29"]

1. d4 e6 2. Nf3 Nf6 3. c4 d5 4. g3 dxc4 5. Bg2 c6 6. Ne5 Nbd7 7. Nxc4 Be7
8. O-O O-O 9. Nc3 a5 10. e4 b5 11. Ne3 Bb7 12. b3 Qb6 13. Bb2 Rfd8 14. Qe2
Ba6 15. Qc2 Rac8 16. Rfd1 Bb7 17. Rac1 Bf8 18. Qe2 Re8 19. e5 Nd5 20. Nexd5
exd5 21. Bh3 Rcd8 22. Qf3 g6 23. Ne2 Bg7 24. Nf4 Nf8 25. Rc2 Ra8 26. Bc1 b4
27. Bd2 a4 28. Be1 axb3 29. Qxb3 Ba6 30. Qxb4 Qxb4 31. Bxb4 Bc4 32. Rdd2
Bh6 33. a3 g5 34. Nh5 g4 35. Nf6+ Kh8 36. Nxe8 Bxd2 37. Rxd2 gxh3 38. Nd6
Kg7 39. f4 Ne6 40. Kf2 h5 41. Ke3 Bf1 42. Rc2 Ra6 43. f5 Ng5 44. Kf4 Nh7
45. f6+ Kg6 46. Nf5 Bd3 47. Ne7+ Kh6 48. Rxc6 Rxc6 49. Nxc6 Ng5 50. Nd8 Kg6
51. a4 Be4 52. a5 1-0

[Event "World Blitz 2023"]
[Site "Samarkand UZB"]
[Date "2023.12.30"]
[Round "14.68"]
[White "Isanzhulov, Arystan"]
[Black "Xue, Haowen"]
[Result "1-0"]
[WhiteElo "2431"]
[BlackElo "2155"]
[EventDate "2023.12.29"]

1. e4 c6 2. Nf3 d5 3. Nc3 dxe4 4. Nxe4 Nf6 5. Qe2 Nxe4 6. Qxe4 Nd7 7. Bc4
Nf6 8. Qe2 b5 9. Bb3 e6 10. O-O Bb7 11. Ne5 a6 12. c3 Qc7 13. d4 Bd6 14.
Re1 O-O 15. Bf4 c5 16. Rad1 Rad8 17. Bg3 Ne4 18. Bf4 Rfe8 19. Bc2 f5 20.
Bxe4 Bxe4 21. f3 Bd5 22. Qf2 cxd4 23. cxd4 Rc8 24. b3 h6 25. h4 Kh7 26. Qg3
Bxe5 27. Bxe5 Qf7 28. Rc1 Qg6 29. Qf4 Bb7 30. Rc5 Rc6 31. Kh2 Rec8 32. b4
Rd8 33. Rec1 Rxc5 34. bxc5 Bc6 35. a3 Rd5 36. Re1 Qf7 37. Qd2 Qe7 38. Qf2
Kg8 39. Qg3 Kh7 40. Kg1 Rd7 41. Bd6 Qf6 42. Be5 Qg6 43. Qf4 a5 44. Kf2 b4
45. axb4 axb4 46. Rb1 Rb7 47. Qd2 b3 48. Qc3 Bd5 49. c6 Ra7 50. c7 Ra2+ 51.
Rb2 Rxb2+ 52. Qxb2 Qe8 53. Qc3 Qc8 54. Qb4 Bb7 55. Qxb3 Kg8 56. Qb4 Kf7 57.
Qd6 Bd5 58. Qd8 Bb7 59. h5 Ba6 60. Bd6 Bb7 61. Qe7+ Kg8 62. Be5 Qf8 63.
Qxe6+ Kh7 64. Kg3 Bc8 65. Qg6+ Kg8 66. Kf4 Qf7 67. Qxf7+ Kxf7 68. g3 g5+
69. hxg6+ Kxg6 70. Bh8 h5 71. Ke5 Kf7 72. Bf6 Bd7 73. Bh4 Bc8 74. Kd6 Ke8
75. d5 Bb7 76. Ke6 Bc8+ 77. Ke5 Bb7 78. Bd8 Kd7 79. Kxf5 Bxd5 80. Kf4 Bc6
81. g4 hxg4 82. fxg4 Bb7 83. Kg5 Ke8 84. Kf6 Kf8 85. Be7+ Kg8 86. g5 Bc8
87. g6 Bd7 88. g7 Bc8 89. Bf8 Ba6 90. Ke7 1-0

[Event "World Blitz 2023"]
[Site "Samarkand UZB"]
[Date "2023.12.30"]
[Round "14.69"]
[White "Akhmedov, David"]
[Black "Rojas Salas, Steven"]
[Result "0-1"]
[WhiteElo "2154"]
[BlackElo "2210"]
[EventDate "2023.12.29"]

1. e4 c5 2. Nf3 e6 3. d3 Nc6 4. g3 Nf6 5. Bg2 g6 6. O-O Bg7 7. Re1 O-O 8.
Nbd2 a5 9. a4 d6 10. c3 b6 11. Nc4 e5 12. Nfd2 Ba6 13. Nf1 b5 14. axb5 Bxb5
15. Nfe3 a4 16. Na3 Ba6 17. Qxa4 Bxd3 18. Qxc6 Ra6 19. Qb7 Rb6 20. Qa7 Ra6
21. Qb7 Rb6 22. Qa7 Ra6 23. Qb7 Rb6 24. Qa7 Ra6 25. Qb7 c4 26. Qxa6 Nd7 27.
Qa4 Nc5 28. Qd1 Nb3 29. Naxc4 Bxc4 30. Nxc4 Nxa1 31. Be3 Qc7 32. Bf1 Ra8
33. Na3 f5 34. Qxa1 f4 35. Qd1 fxe3 36. Rxe3 Bh6 37. Rd3 Rf8 38. Nc2 Qb6
39. Ne3 Qxb2 40. Qd2 Qb6 41. Nd5 Qxf2+ 0-1

[Event "World Blitz 2023"]
[Site "Samarkand UZB"]
[Date "2023.12.30"]
[Round "14.70"]
[White "Kuziev, Miraziz"]
[Black "Vescovi, Giovanni"]
[Result "1-0"]
[WhiteElo "2196"]
[BlackElo "2593"]
[EventDate "2023.12.29"]

1. d4 Nf6 2. c4 e6 3. Nc3 Bb4 4. e3 O-O 5. Bd2 d5 6. Nf3 b6 7. cxd5 exd5 8.
Rc1 a6 9. Bd3 Bb7 10. Ne5 Bd6 11. O-O Nbd7 12. f4 c5 13. Be1 Ne4 14. Nxe4
dxe4 15. Bc4 b5 16. Nxd7 Qxd7 17. dxc5 bxc4 18. cxd6 Rac8 19. Bb4 Rfe8 20.
Qd4 f6 21. Rxc4 Rxc4 22. Qxc4+ Kh8 23. Rc1 Rc8 24. Bc5 a5 25. b3 h5 26. a3
h4 27. h3 g5 28. fxg5 fxg5 29. Qd4+ Kh7 30. Rf1 g4 31. hxg4 Rg8 32. Rf4 Ba6
33. Qxe4+ Kh6 34. Rf6+ Rg6 1-0

[Event "World Blitz 2023"]
[Site "Samarkand UZB"]
[Date "2023.12.30"]
[Round "14.71"]
[White "Averin, Nikolay"]
[Black "Pichot, Alan"]
[Result "1-0"]
[WhiteElo "2283"]
[BlackElo "2592"]
[EventDate "2023.12.29"]

1. e4 e5 2. Nf3 Nc6 3. Bb5 Nf6 4. O-O Nxe4 5. d4 Nd6 6. dxe5 Nxb5 7. a4
Nbd4 8. Nxd4 d5 9. Nc3 Nxd4 10. Qxd4 c6 11. a5 Be7 12. b4 O-O 13. Na4 f6
14. Bf4 Bf5 15. c3 Rf7 16. Rfe1 fxe5 17. Bxe5 Bf8 18. Ra2 Qg5 19. Nc5 Re8
20. Rae2 Bh3 21. f4 Qg6 22. Kh1 Bf5 23. Re3 b6 24. axb6 axb6 25. Nb3 Be4
26. Rg3 Qh6 27. Qxb6 Bd6 28. Qd4 Bxe5 29. fxe5 Qf4 30. Nc5 Rxe5 31. Nxe4
Rxe4 32. Rxe4 Qc1+ 33. Qg1 Rf1 34. Re8+ Kf7 35. Rf3+ 1-0